01517nam a2200349 i 450000500170000000700030001700800410002002000180006104000350007904100130011408200200012710000290014724501260017625000460030226400560034830000460040433600270045033700330047733800280051049000220053850001200056050400460068052100630072653400310078960000780082065000750089865000740097370000460104770000440109394200150113799900150115220220317002028.0ta201110r20192020ck a br 000 0bspa d a9789585407909 aCO-BoRNBPbspaerdacCO-BoRNBP1 aspaheng04a927.5bD18e2221 aEdwards, Robertaeautora11a¿Quién fue...?bLeonardo Da VincicRoberta Edwards ; ilustraciones de True Kelley ; traducción de Elena Macian Masip aPrimera ediciónbPrimera reimpresión  1aBogotábPenguin Random HousebMontenac2019c2020 a115, [14] páginasbilustracionesc22 cm 2rdacontentatextobtxt 2rdamediaasin mediaciónbn 2rdacarrieravolumenbnc0 a¿Quién fue...? aIncluye cronología de la vida de Leonardo Da Vinci y del mundo durante el período comprendido entre 1452 y 1533 aIncluye bibliografía al final del texto aRecomendado para un público infantil mayor de 9 años  tWho was Leonardo Da Vinci?14aDa Vinci, Leonardo d1452-1519xLiteratura infantilvBiografías9157489172LEMBaPintores italianos xLiteratura infantilySiglo XVvBiografías172LEMBaArtistas italianosxLiteratura infantilySiglo XVvBiografías1 aKelley, True d1946-eilustradora91585391 aMacian Masip, Elenaetraductora9158540 2ddccBKINF c8943d8943